000 01102cad a22002055a 4500
001 L137631
008 070420s2007 xxk f 000 0 eng d
035 _a(Sirsi) u137631
041 0 _aeng
110 2 _aInstitute of Directors
_9795
245 0 0 _aTimetable announced for implementation of Companies Act
_h[electronic resource]
260 _aLondon
_IOD
_c2007
520 _aNotes that all of the Companies Act 2006 will be in place by October 2008 with many elements implemented earlier. Areas coming into effect in October 2007 include provisions in Part 9 relating to the rights of indirect investors and also most of the provisions relating to directors' general duties. Provisions for the enhanced business review and derivative claims will also come into effect at the same time. Provisions relating to directors' conflict of interests will come into effect in October 2008.
590 _aKA
650 2 4 _aCOMPANIES ACT 2006
651 4 _aUnited Kingdom
_y
690 _aMANAGEMENT-BUSINESS MANAGEMENT
856 4 0 _awww.iod.com
_zView the item free of charge at www.iod.com...
942 _n0
999 _c78678
_d78678